000 00639nam a2200241 i 4500
001 C2-0287699
003 PPAK
005 20180728020954.0
008 080226s2007 nyu |||| ||||| | eng d
020 _a9781416933915
040 _aPPAK
_beng
_cPPAK
_erda
082 0 4 _a823
_223
090 0 0 _a823
_bRUD
_dLCK
100 1 _aRuditis, Paul,
_eauthor
245 1 0 _aDrama ! :
_bthe four Dorothys
264 1 _aNew York :
_bSimon & Schuster, Inc. ,
_c2007
300 _a236 pages ;
_c21 cm
336 _2rdacontent
_atext
337 _2rdamedia
_aunmediated
338 _2rdacarrier
_avolume
650 1 0 _aEnglsh fiction
942 _ddc
_cB
999 _c93388
_d93388